00272nam a2200109 a 450000500170000000800410001705000180005810000190007624500200009526000320011544000150014720140414132053.0110714s19uu xx 00 eng d aFICbK24 2006 aKeene, Carolyn aGlobal Warming. aNew York :bAlladin,c2009. aNancy Drew